000 01074nam a22003377a 4500
001 BR7600705
003 BR-BrBNA
005 20230928084907.0
007 ta
008 230509b bl.||||| |||| 00| 0 por d
040 _aBR-BrBNA
_bpor
_cBiblioteca Nacional de Agricultura
041 _a(Por)
072 _aL50; L72
_b5240
_b4060
090 _ 5240 BR7600705
100 1 _aSilva, R.M.
110 1 _aUniversidade Federal de Minas Gerais, Belo Horizonte (Brasil). Escola de Veterinaria
_0Tese (Mestrado)
245 1 _aDeterminacao de microelementos no soro sanguineo, figado e pancreas de ovinos com parasitos gastrintestinais por espectrofotometria de absorcao atomica
260 3 _aBelo Horizonte, MG (Brasil):
_c1975.
300 _a55 p.
500 _a13 tables; 15 ref.; Summary (Por)
650 _aVerminose
650 _aOvino
650 _aParasito de animal
650 _aEspectrometria
650 _aMicroelemento
650 _aSoro-sanguineo
650 _aFigado
650 _aPancreas
909 _a202309
_bLucia
_c55
_dLucia Elande
942 _cBK
999 _c21724
_d21724